Guía teórico práctica para consultorio jurídico (Registro nro. 165820)

Detalles MARC
000 -ENCABEZADO
Número de control [NR] 00946nam a22002417a 4500
008 - DE LONGITUD FIJA DE DATOS DE ELEMENTOS - INFORMACIÓN GENERAL
Elementos de longitud fija [NR] 130316s2011 ck ad frn 000 0dspa d
020 ## - NUMERO INTERNACIONAL NORMALIZADO PARA LIBROS [R]
Número Internacional Normalizado del libro [NR] 958338903X
040 ## - FUENTE DE CATALOGACION [NR]
Agencia de catalogación original [NR] CO-BoUCM
Idioma de catalogación [NR] Español
Quien Cataloga
Quien Clasifica
041 00 - CODIGO DE IDIOMA [R]
Código de idioma para texto/pista de sonido o título separado [R] Español
082 04 - NUMERO DE CLASIFICACION DECIMAL DEWEY [R]
Número de clasificación [R] 340.02
Número de la edición [NR] 20
100 1# - ASIENTO PRINCIPAL--NOMBRE PERSONAL [NR]
Nombre personal [NR] Martínez Betancourt, Óscar J., de
ID Autoridad 33221
245 10 - MENCION DE TITULO [NR]
Título [NR] Guía teórico práctica para consultorio jurídico
Mención de responsabilidad, etc. [NR] Óscar de J., Martínez Betancourt
250 ## - MENCION DE EDICION [NR]
Mención de edición [NR] 3a ed
260 ## - PUBLICACION, DISTRIBUCION, ETC. (PIE DE IMPRENTA) [R]
Lugar de publicación, distribución, etc. [R] Bogotá
Nombre del editor, distribuidor, etc. [R] Universidad Libre
Fecha de publicación, distribución, etc. [R] 2011
300 ## - DESCRIPCION FISICA [R]
Extensión [R] 484 páginas
Otros detalles físicos [NR] ilustraciones y gráficas
650 #7 - ASIENTO SECUNDARIO DE MATERIA - TERMINO TEMATICO [R]
9 (RLIN) 11727
Término temático o nombre geográfico como elemento de entrada [NR] Consultorios jurídicos
650 #7 - ASIENTO SECUNDARIO DE MATERIA - TERMINO TEMATICO [R]
9 (RLIN) 22144
Término temático o nombre geográfico como elemento de entrada [NR] Práctica del derecho
650 #7 - ASIENTO SECUNDARIO DE MATERIA - TERMINO TEMATICO [R]
9 (RLIN) 8251
Término temático o nombre geográfico como elemento de entrada [NR] Abogados
650 #7 - ASIENTO SECUNDARIO DE MATERIA - TERMINO TEMATICO [R]
9 (RLIN) 8410
Término temático o nombre geográfico como elemento de entrada [NR] Acreditación profesional de abogados
690 ## - ASUNTO AGREGADO LOCAL DE ENTRADA - TÉRMINO TEMÁTICO (OCLC, RLIN)
Acceso temático local Filosofía del derecho
710 1# - ASIENTO SECUNDARIO - NOMBRE CORPORATIVO [R]
Nombre corporativo o de jurisdicción como elemento de entrada [NR] Universidad Libre
Unidad subordinada [R] Facultad de Derecho
-- Consultorio Jurídico y Centro de Conciliación
9 (RLIN) 33222
942 ## - ELEMENTOS DE ENTRADA AGREGADOS (KOHA)
Tipo de ítem principal el descrito en 300a Libro
Edición 3
Parte restante de la signatura top. M386
Tema principal
Sistema de clasificación DEWEY
Clasificación 340.02
Existencias
Suprimido Perdido Sistema de clasificación Dañado No prestable Tipo de ítem específico Ubicación habitual Ubicación actual Localización Fecha de creación Proveedor Forma de adquisición Costo Total préstamos Total Renewals Signatura topográfica Código de barras Última vez visto Fecha de último préstamo Ejemplar Costo de reposición Price effective from Tipo de ítem
    DEWEY     Libro Claustro Claustro 3er piso 12/03/2013 12 Donación 26000.00 4 3 340.02 M386 100133690 03/12/2025 19/04/2023 Ej.1 26000.00 12/03/2013 Libro